[Event "Forni di Sopra op 14th"]
[Site "Forni di Sopra"]
[Date "2023.06.16"]
[Round "8"]
[White "Hansson, Hakan"]
[Black "Hewson, Brian Wr"]
[Result "1/2-1/2"]
[WhiteElo "1997"]
[BlackElo "2029"]
[PlyCount "27"]
[EventDate "2023.06.10"]
[EventType "swiss"]
[EventRounds "9"]
[EventCountry "ITA"]
[SourceTitle "CBM 214 Extra"]
[Source "ChessBase"]
[SourceDate "2023.07.31"]
[SourceVersion "1"]
[SourceVersionDate "2023.07.31"]
[SourceQuality "1"]

1. d4 Nf6 2. Nf3 e6 3. c4 b6 4. e3 Bb4+ 5. Bd2 Qe7 6. Bd3 Bb7 7. 0-0 Bxd2 8. Nbxd2 d6 9. Qc2 Nbd7 10. Rfe1 0-0 11. Rac1 c5 12. Ne4 Nxe4 13. Bxe4 Bxe4 14. Qxe4 1/2-1/2

[Event "Forni di Sopra op 14th"]
[Site "Forni di Sopra"]
[Date "2023.06.10"]
[Round "1"]
[White "Boraso, Alessio"]
[Black "Hansson, Hakan"]
[Result "1-0"]
[WhiteElo "2330"]
[BlackElo "1997"]
[PlyCount "43"]
[EventDate "2023.06.10"]
[EventType "swiss"]
[EventRounds "9"]
[EventCountry "ITA"]
[SourceTitle "CBM 214 Extra"]
[Source "ChessBase"]
[SourceDate "2023.07.31"]
[SourceVersion "1"]
[SourceVersionDate "2023.07.31"]
[SourceQuality "1"]

1. e4 c6 2. c4 d5 3. exd5 cxd5 4. cxd5 Nf6 5. Nc3 Nxd5 6. Nf3 e6 7. d4 Be7 8. Bd3 Nc6 9. 0-0 0-0 10. Re1 Nxc3 11. bxc3 b6 12. Be4 Bb7 13. Qd3 g6 14. Bh6 Re8 15. Rad1 Na5 16. Bxb7 Nxb7 17. Ne5 Qc7 18. Qh3 Rac8 19. Nxf7 Bf6 20. Ng5 Qxc3 21. Qxc3 Rxc3 22. Ne4 1-0

[Event "Hofheim Spring op-A 3rd"]
[Site "Hofheim"]
[Date "2015.04.08"]
[Round "2"]
[White "Hansson, Hakan"]
[Black "Bomans, Arno"]
[Result "0-1"]
[WhiteElo "1987"]
[BlackElo "2298"]
[PlyCount "108"]
[EventDate "2015.04.07"]
[EventType "swiss"]
[EventRounds "9"]
[EventCountry "GER"]
[SourceTitle "CBM 166 Extra"]
[Source "ChessBase"]
[SourceDate "2015.06.18"]
[SourceVersion "1"]
[SourceVersionDate "2015.06.18"]
[SourceQuality "1"]

1. d4 f5 2. g3 Nf6 3. Bg2 g6 4. Nf3 Bg7 5. 0-0 0-0 6. c4 d6 7. Nc3 Qe8 8. d5 a5 9. Rb1 Na6 10. Nd4 Nc5 11. Ndb5 Qd8 12. b3 Bd7 13. Nd4 Qe8 14. Ba3 Nce4 15. Nxe4 Nxe4 16. Qd3 c5 17. dxc6 bxc6 18. f3 Nf6 19. Rbd1 c5 20. Nc2 Bc6 21. Bb2 Qb8 22. Bc3 Rd8 23. Qd2 Qb6 24. Kh1 e6 25. Qe3 e5 26. Qc1 a4 27. b4 cxb4 28. Nxb4 Bb7 29. Nd5 Nxd5 30. cxd5 Rdc8 31. Qd2 Rc5 32. e4 Rac8 33. Rc1 Ba6 34. Rfd1 fxe4 35. fxe4 Rf8 36. Qe3 Bc4 37. Rd2 Rfc8 38. Bh3 Rb8 39. Rb2 Qc7 40. Bb4 Bxa2 41. Be6+ Kh8 42. Bxc5 Rxb2 43. Ba3 Rb1 44. Rxb1 Bxb1 45. Qe1 Bd3 46. Qb4 Qa7 47. Kg2 Bf8 48. Kf3 Qg1 49. Qb8 Qh1+ 50. Ke3 Qxe4+ 51. Kd2 Qe2+ 52. Kc3 Qc2+ 53. Kb4 Qb3+ 54. Ka5 Qxb8 0-1

[Event "Rewal op-A 15th"]
[Site "Rewal"]
[Date "2010.08.25"]
[Round "6"]
[White "Kastelik, Adrian"]
[Black "Hansson, Hakan"]
[Result "0-1"]
[WhiteElo "1942"]
[BlackElo "2114"]
[PlyCount "190"]
[EventDate "2010.08.19"]
[EventType "swiss"]
[EventRounds "9"]
[EventCountry "POL"]
[SourceTitle "EXT 2013"]
[Source "ChessBase"]
[SourceDate "2012.11.22"]
[SourceVersion "1"]
[SourceVersionDate "2012.11.22"]
[SourceQuality "1"]

1. e4 d6 2. d4 g6 3. Nc3 Bg7 4. Nf3 Nf6 5. Be3 0-0 6. Qd2 c6 7. 0-0-0 Nbd7 8. Bh6 Ng4 9. Bxg7 Kxg7 10. h3 Ngf6 11. h4 h5 12. Ng5 e5 13. f3 Qe7 14. dxe5 dxe5 15. Qd6 Qxd6 16. Rxd6 Ne8 17. Rd2 Nc5 18. b4 Ne6 19. Nxe6+ Bxe6 20. Kb2 Nc7 21. Be2 Rfd8 22. Rhd1 Rxd2 23. Rxd2 Kf8 24. Na4 Ke7 25. a3 b6 26. c4 Rg8 27. c5 b5 28. Nc3 Rd8 29. Rxd8 Kxd8 30. Kc2 f6 31. Kd2 Bf7 32. Ke3 Ne6 33. Bd1 Nd4 34. g3 Ke7 35. f4 Ke6 36. g4 hxg4 37. Bxg4+ Ke7 38. Bd1 Bb3 39. Bxb3 Nxb3 40. f5 gxf5 41. exf5 Nd4 42. Ke4 Kf7 43. a4 a6 44. axb5 axb5 45. Na2 Kg7 46. Nc1 Kh6 47. Nd3 Nc2 48. Kf3 Kh5 49. Ke4 Kxh4 50. Nxe5 Nxb4 51. Nf3+ Kg3 52. Nd4 Kg4 53. Nb3 Nd5 54. Nd4 Ne7 55. Nf3 Nxf5 56. Nh2+ Kg5 57. Nf3+ Kg6 58. Nd2 Ne7 59. Nb3 Kf7 60. Nd4 Ke8 61. Kf4 Kd7 62. Ke4 b4 63. Kd3 f5 64. Kc4 f4 65. Kxb4 Ng6 66. Kc3 Ne5 67. Kd2 Ke7 68. Ke2 Kf6 69. Kf2 Kg5 70. Kg2 Kg4 71. Kf2 f3 72. Ke3 Kg3 73. Nf5+ Kh3 74. Kf2 Kg4 75. Ne7 Kf4 76. Kf1 Ke3 77. Ke1 Kd4 78. Kf2 Kxc5 79. Ke3 Kb5 80. Nf5 c5 81. Ke4 f2 82. Ne3 Ng4 83. Nf1 c4 84. Kf3 c3 85. Ke2 Kb4 86. Kd1 Kb3 87. Kc1 Kc4 88. Kc2 Kd4 89. Ng3 Ne3+ 90. Kb1 f1Q+ 91. Ka2 Qf2+ 92. Ne2+ Qxe2+ 93. Kb3 Qb2+ 94. Ka4 Kc5 95. Ka5 Qb5# 0-1

[Event "Rewal op-A 15th"]
[Site "Rewal"]
[Date "2010.08.23"]
[Round "4"]
[White "Hansson, Hakan"]
[Black "Klim, Kamil"]
[Result "1/2-1/2"]
[WhiteElo "2114"]
[BlackElo "2245"]
[PlyCount "102"]
[EventDate "2010.08.19"]
[EventType "swiss"]
[EventRounds "9"]
[EventCountry "POL"]
[SourceTitle "EXT 2013"]
[Source "ChessBase"]
[SourceDate "2012.11.22"]
[SourceVersion "1"]
[SourceVersionDate "2012.11.22"]
[SourceQuality "1"]

1. d4 Nf6 2. c4 g6 3. Nc3 Bg7 4. e4 0-0 5. f3 c5 6. Be3 cxd4 7. Bxd4 Nc6 8. Be3 Qa5 9. Qd2 e6 10. Nge2 d5 11. cxd5 exd5 12. Nxd5 Nxd5 13. Qxa5 Nxa5 14. exd5 Bxb2 15. Rd1 Nc4 16. Bd4 Bxd4 17. Rxd4 Nd6 18. Nc3 Bd7 19. Be2 f5 20. Kd2 Rfc8 21. Rb1 Rc5 22. a4 Rac8 23. Nb5 Bxb5 24. axb5 Rc2+ 25. Kd1 Ra2 26. Rb3 Re8 27. Rd2 Ra1+ 28. Kc2 Rh1 29. h3 Rg1 30. Bd3 Rc8+ 31. Rc3 Rc1+ 32. Kxc1 Rxc3+ 33. Kb2 Rc5 34. Kb3 b6 35. Kb4 Kf8 36. Be2 Ke8 37. Ra2 Rc7 38. g4 fxg4 39. hxg4 g5 40. Bd3 Rf7 41. Re2+ Kd7 42. Rh2 Rxf3 43. Rxh7+ Rf7 44. Rxf7+ Nxf7 45. Kc3 Kd6 46. Kd4 Ne5 47. Be2 Ng6 48. Ke4 Nh4 49. Kd4 Ng6 50. Ke4 Nh4 51. Kd4 Ng6 1/2-1/2

[Event "Rewal op-A 15th"]
[Site "Rewal"]
[Date "2010.08.19"]
[Round "1"]
[White "Sharapov, Evgeny"]
[Black "Hansson, Hakan"]
[Result "1-0"]
[WhiteElo "2499"]
[BlackElo "2114"]
[PlyCount "113"]
[EventDate "2010.08.19"]
[EventType "swiss"]
[EventRounds "9"]
[EventCountry "POL"]
[SourceTitle "EXT 2013"]
[Source "ChessBase"]
[SourceDate "2012.11.22"]
[SourceVersion "1"]
[SourceVersionDate "2012.11.22"]
[SourceQuality "1"]

1. e4 e6 2. d4 d5 3. Nc3 Nf6 4. e5 Nfd7 5. f4 c5 6. Nf3 Nc6 7. Be3 cxd4 8. Nxd4 Nxd4 9. Bxd4 a6 10. Qd2 Bc5 11. Bxc5 Nxc5 12. Qd4 Qc7 13. Bd3 Bd7 14. 0-0 g6 15. Rad1 0-0-0 16. a4 Kb8 17. b3 Rc8 18. Ne2 h5 19. h4 Rhd8 20. Qe3 Be8 21. Nd4 Qb6 22. Rb1 Qb4 23. Rfc1 Nxd3 24. cxd3 Rxc1+ 25. Rxc1 Rc8 26. Rxc8+ Kxc8 27. Kf2 b5 28. axb5 Bxb5 29. Qc1+ Kd7 30. Ke3 a5 31. Qd2 Qxd2+ 32. Kxd2 Bc6 33. Kc3 Kc7 34. b4 axb4+ 35. Kxb4 Kb6 36. Nf3 Bb5 37. d4 Be8 38. Ng5 Kc6 39. Ka5 Kd7 40. Kb6 Ke7 41. Ka5 Bc6 42. Nh7 Be8 43. Nf6 Bc6 44. g3 Bd7 45. f5 Bc6 46. Kb4 Bb7 47. Kb5 Bc8 48. fxg6 fxg6 49. Kb6 Kf7 50. Kc7 Ba6 51. Kd6 Bd3 52. Nh7 Bf5 53. Ng5+ Ke8 54. Nxe6 Be4 55. Nf4 Kf7 56. Nxd5 Bf5 57. Nf4 1-0

[Event "Kochan Memorial op 19th"]
[Site "Koszalin"]
[Date "2008.08.05"]
[Round "2"]
[White "Hansson, Hakan"]
[Black "Czernicki, Bogdan"]
[Result "1/2-1/2"]
[WhiteElo "2129"]
[BlackElo "2032"]
[PlyCount "61"]
[EventDate "2008.08.04"]
[EventType "swiss"]
[EventRounds "9"]
[EventCountry "POL"]
[SourceTitle "CBM 125 Extra"]
[Source "ChessBase"]
[SourceDate "2008.09.01"]
[SourceVersion "1"]
[SourceVersionDate "2008.09.01"]
[SourceQuality "1"]

1. d4 Nf6 2. c4 c5 3. e3 g6 4. Nf3 Bg7 5. Be2 0-0 6. 0-0 b6 7. Nc3 d6 8. Qc2 Nc6 9. b3 Bf5 10. Qd2 cxd4 11. Nxd4 Nxd4 12. exd4 Rc8 13. Bf3 Qd7 14. Bb2 h5 15. Rfe1 Kh7 16. Rad1 Rfe8 17. d5 Bh6 18. Qe2 Bg4 19. Ne4 Nxe4 20. Qxe4 Bf5 21. Qd4 Rg8 22. Be4 Bg7 23. Qd2 Bxb2 24. Qxb2 Rge8 25. Bxf5 Qxf5 26. Re3 Kg8 27. Rf3 Qg5 28. Rg3 Qf6 29. Qe2 Kf8 30. Re1 e5 31. dxe6 1/2-1/2

[Event "Rilton Cup 34th"]
[Site "Stockholm"]
[Date "2005.01.03"]
[Round "7"]
[White "Hansson, Hakan"]
[Black "Penttila, Tero"]
[Result "1/2-1/2"]
[WhiteElo "2137"]
[BlackElo "2006"]
[PlyCount "37"]
[EventDate "2004.12.27"]
[EventType "swiss"]
[EventRounds "9"]
[EventCountry "SWE"]
[SourceTitle "CBM 104 Extra"]
[Source "ChessBase"]
[SourceDate "2005.03.01"]
[SourceVersion "1"]
[SourceVersionDate "2005.03.01"]
[SourceQuality "1"]

1. d4 Nf6 2. Nf3 c5 3. c4 cxd4 4. Nxd4 e6 5. g3 Qc7 6. Qc2 a6 7. Bg2 Bc5 8. Nb3 Be7 9. 0-0 d5 10. N3d2 Bd7 11. b3 0-0 12. Bb2 dxc4 13. Nxc4 Nc6 14. Nbd2 Rac8 15. Rac1 Rfd8 16. Qb1 Be8 17. Rfd1 b5 18. Ne5 Qb6 19. Nxc6 1/2-1/2

[Event "Rilton Cup 32nd"]
[Site "Stockholm"]
[Date "2002.12.27"]
[Round "1"]
[White "Hansson, Hakan"]
[Black "Wedberg, Tom"]
[Result "0-1"]
[WhiteElo "2163"]
[BlackElo "2530"]
[PlyCount "62"]
[EventDate "2002.12.27"]
[EventType "swiss"]
[EventRounds "9"]
[EventCountry "SWE"]
[SourceTitle "CBM 091 Extra"]
[Source "ChessBase"]
[SourceDate "2003.01.09"]
[SourceVersion "1"]
[SourceVersionDate "2003.01.09"]
[SourceQuality "1"]

1. d4 Nf6 2. Nf3 e6 3. g3 c5 4. c3 b6 5. Bg2 Bb7 6. 0-0 Be7 7. Bg5 0-0 8. Nbd2 h6 9. Bxf6 Bxf6 10. e3 Nc6 11. Qa4 Rb8 12. Rad1 Qc7 13. Rfe1 Rfc8 14. Ne4 Be7 15. dxc5 bxc5 16. c4 Ba8 17. Re2 Rd8 18. b3 d5 19. cxd5 Rb4 20. Qa3 Rxe4 21. Nd2 Nd4 22. Ree1 Nb5 23. Qc1 Re5 24. Nc4 Rexd5 25. Bxd5 exd5 26. Nb2 d4 27. e4 Nc3 28. Rd2 Nxe4 29. Rde2 d3 30. Rxe4 d2 31. Rxe7 dxc1Q 0-1

[Event "Chigorin Memorial 09th"]
[Site "St Petersburg"]
[Date "2001.10.03"]
[Round "9"]
[White "Ovod, Evgenija"]
[Black "Hansson, Hakan"]
[Result "1-0"]
[WhiteElo "2356"]
[BlackElo "2182"]
[PlyCount "79"]
[EventDate "2001.10.26"]
[EventType "swiss"]
[EventRounds "9"]
[EventCountry "RUS"]
[SourceTitle "EXT 2002"]
[Source "ChessBase"]
[SourceDate "2001.11.25"]
[SourceVersion "1"]
[SourceVersionDate "2001.11.25"]
[SourceQuality "1"]

1. d4 Nf6 2. c4 g6 3. Nc3 d5 4. cxd5 Nxd5 5. e4 Nxc3 6. bxc3 Bg7 7. Bb5+ c6 8. Ba4 0-0 9. Ne2 b5 10. Bb3 Bb7 11. 0-0 Nd7 12. Be3 Qc7 13. Qd2 e5 14. Rad1 Rad8 15. Bg5 Bf6 16. f3 c5 17. Bxf6 Nxf6 18. Qg5 Nd7 19. h4 c4 20. Bc2 f6 21. Qg4 Qb6 22. h5 Kf7 23. f4 Bc8 24. Qh4 Kg7 25. Rf2 exf4 26. hxg6 hxg6 27. Nxf4 Rh8 28. Qg3 Rh6 29. Kf1 Bb7 30. Qg4 Nf8 31. Kg1 b4 32. Rdf1 bxc3 33. Ne2 Qd6 34. e5 fxe5 35. Rf7+ Kg8 36. R1f6 Qd5 37. Be4 Qxe4 38. Rxf8+ Rxf8 39. Qe6+ Kg7 40. Qe7+ 1-0

[Event "Chigorin Memorial 09th"]
[Site "St Petersburg"]
[Date "2001.10.01"]
[Round "7"]
[White "Tsigelnitskiy, Ilusha"]
[Black "Hansson, Hakan"]
[Result "1-0"]
[WhiteElo "2314"]
[BlackElo "2182"]
[PlyCount "61"]
[EventDate "2001.10.26"]
[EventType "swiss"]
[EventRounds "9"]
[EventCountry "RUS"]
[SourceTitle "EXT 2002"]
[Source "ChessBase"]
[SourceDate "2001.11.25"]
[SourceVersion "1"]
[SourceVersionDate "2001.11.25"]
[SourceQuality "1"]

1. e4 e5 2. Nf3 Nf6 3. d4 Nxe4 4. Bd3 d5 5. Nxe5 Nd6 6. 0-0 Be6 7. b3 g6 8. c4 c6 9. Nc3 Bg7 10. cxd5 cxd5 11. Nb5 a6 12. Nxd6+ Qxd6 13. a4 Bxe5 14. dxe5 Qxe5 15. Ba3 Nc6 16. Re1 Qc7 17. Rc1 Qd7 18. Qe2 0-0-0 19. Bxa6 Kb8 20. Bb5 Rc8 21. a5 Rhe8 22. Qd2 d4 23. Rc5 Bd5 24. Rec1 Re5 25. h3 Qe6 26. a6 Na7 27. Qa5 Rxc5 28. Bxc5 Nxb5 29. a7+ Nxa7 30. Bxa7+ Ka8 31. Bb6+ 1-0

[Event "Bayern-chI Bank Hofmann 3rd"]
[Site "Bad Wiessee"]
[Date "1999.10.28"]
[Round "6"]
[White "Hansson, Hakan"]
[Black "Kantorik, Marian"]
[Result "1/2-1/2"]
[WhiteElo "2185"]
[BlackElo "2301"]
[PlyCount "74"]
[EventDate "1999.10.23"]
[EventType "swiss"]
[EventRounds "9"]
[EventCountry "GER"]
[SourceTitle "EXT 2001"]
[Source "ChessBase"]
[SourceDate "2000.11.22"]
[SourceVersion "1"]
[SourceVersionDate "2000.11.22"]
[SourceQuality "1"]

1. d4 d5 2. c4 e6 3. Nc3 Nf6 4. Bg5 Nbd7 5. e3 Be7 6. Nf3 0-0 7. Rc1 c6 8. Bd3 dxc4 9. Bxc4 b5 10. Bd3 Bb7 11. 0-0 a6 12. Qc2 h6 13. Bh4 c5 14. dxc5 Nxc5 15. Be2 Rc8 16. Qd2 b4 17. Nb1 Qa5 18. Bxf6 Bxf6 19. Bc4 Na4 20. b3 Rfd8 21. Qe2 Nb2 22. Rc2 Nxc4 23. Rxc4 Rxc4 24. Qxc4 Rc8 25. Qe2 Be4 26. Nd4 e5 27. Qg4 Rd8 28. Ne6 Bd3 29. Nxd8 Bxf1 30. Kxf1 Qxd8 31. Qe2 Qa5 32. Qc2 e4 33. Nd2 g6 34. Nxe4 Be5 35. f4 Bg7 36. Nd2 Bc3 37. Nc4 Qd5 1/2-1/2

[Event "Decin op"]
[Site "Decin"]
[Date "1996.??.??"]
[Round "8"]
[White "Hansson, Hakan"]
[Black "Balkhamishvili, Tamar"]
[Result "0-1"]
[WhiteElo "2205"]
[BlackElo "2010"]
[PlyCount "62"]
[EventDate "1996.??.??"]
[EventType "swiss"]
[EventRounds "9"]
[EventCountry "CZE"]
[SourceTitle "CBM 053 Extra"]
[Source "ChessBase"]
[SourceDate "1996.09.01"]
[SourceVersion "1"]
[SourceVersionDate "1996.09.01"]
[SourceQuality "1"]

1. e4 c5 2. Nf3 e6 3. c3 d5 4. exd5 exd5 5. d4 c4 6. Be2 Nf6 7. 0-0 Bd6 8. b3 cxb3 9. axb3 0-0 10. c4 Bf5 11. Nc3 Nc6 12. Bg5 Nb4 13. Qd2 Be7 14. Ra4 a5 15. Rc1 b6 16. Ne5 Rc8 17. Bf3 Ne4 18. Nxe4 dxe4 19. Bxe7 Qxe7 20. Qf4 g6 21. g4 exf3 22. gxf5 f6 23. Nxf3 Nd3 24. Qd2 Nxc1 25. Qxc1 gxf5 26. Ra2 Qe4 27. Qd1 Kh8 28. Qe2 Rg8+ 29. Kf1 Qg4 30. d5 Qg2+ 31. Ke1 Rce8 0-1